| 000 | 02472cam a22004934i 4500 | ||
|---|---|---|---|
| 003 | PE-LiUPU | ||
| 005 | 20250731173427.0 | ||
| 008 | 150616s r 000 0 d | ||
| 035 | _a(Sirsi) a520 | ||
| 040 |
_aPE-LiUPU _bspa _cPE-LiUPU _erda |
||
| 049 | _aPRUA | ||
| 082 | 0 | 4 |
_a272 _bB46 _221 |
| 100 | 1 |
_aMaimon Firdusi, Rabí Isaac, _eautor. |
|
| 110 | 2 | _aBiblioteca del Crisol | |
| 245 | 1 | 1 |
_a\ _aMédicos perseguidos por la inquisición española / Espejo del verdadero médico. |
| 264 | 1 |
_aMadrid : _bBiblioteca del Crisol, _c1835. |
|
| 300 |
_a96 páginas ; _c22 cm |
||
| 336 |
_atext _2rdacontent |
||
| 337 |
_aunmediated _2rdamedia |
||
| 338 |
_avolume _2rdacarrier |
||
| 500 | _aEncuadernado con "Espejo del verdadero médico" por Rabí Isaac - Maimon - Firdusi. | ||
| 505 | 0 | _aMédicos perseguidos por la inquisición española. / Condiciones físicas -- Condiciones intelectuales -- Condiciones morales -- Educación del discípulo -- Complemento de la educación -- De la religión y virtudes del médico -- De las ciencias y conocimientos del médico -- Del modo de visitar los enfermos -- Del diagnóstico y sus causas -- Del pronóstico -- De las consultas -- Del método de curar -- Del pedir y recibir honorarios -- De los casos médicos-legales -- Del médico de hospitales -- Del médico en las pestes -- Del médico en relación con la administración -- Del modo de hacer las observaciones médicas -- Condiciones físicas -- Condiciones intelectuales -- Condiciones morales -- Del lenguaje -- Del método -- De los exámenes -- Del profesorado y de los profesores -- Del método de elegir profesores. | |
| 526 | _aSEG42 | ||
| 526 | _aSEG41 | ||
| 526 | _aSEG40 | ||
| 526 | _aSEG39 | ||
| 526 | _aP94 | ||
| 526 | _aP87 | ||
| 526 | _aP86 | ||
| 526 | _aP85 | ||
| 526 | _aP77 | ||
| 526 | _aP76 | ||
| 526 | _aP35 | ||
| 650 | 0 | 4 |
_aHISTORIA DE LA IGLESIA _xMEDICOS. |
| 650 | 0 | 4 | _aMEDICINA COMO PROFESION. |
| 650 | 0 | 4 |
_aINQUISICION _vHISTORIA. |
| 910 |
_ajck _bjvq _cjck |
||
| 942 |
_2ddc _cBOOK |
||
| 949 |
_a272 B46 _wDEWEY _c1 _i11873 _lCCODEBUL1 _mBUL _p00.00 _r0 _sY _tBOOK _u2015-04-23 _xTEOLOGIA _zUNKNOWN _0COMPRA _o.STAFF. Colección General |
||
| 994 |
_aC0 _bPEPRU |
||
| 596 | _a1 | ||
| 999 |
_a272 B46 _wDEWEY _c54583 _i11873 _f2021-11-11 _g5 _lCCODEBUL1 _mBUL _r0 _sY _tBOOK _u2015-4-23 _xTEOLOGIA _zUNKNOWN _0COMPRA _o.STAFF. Colección General _d54583 |
||
| 980 |
_81 _gALBERTO SANCHEZ Responsable de Automatización |
||